000 00720cab a2200229 4500
001 ABS37410
008 090401t1987 xxu||||| |||| 00| 0 eng d
035 _a(Sirsi) u4225
041 _aeng
245 _aRent review clauses: time-limits
260 _c1987
350 _a0
490 _aEstates Gazette
_v281 (6320) 7 February 1987, 547 (1)
520 _aExamines the extent to which "time is of the essence" in a rent review clause in a commercial lease, with particular reference to break clauses .
650 _aBUSINESS TENANCIES
650 _aTIME LIMITS
650 _aTIME OF THE ESSENCE
650 _aTRIGGER NOTICE
690 _aLANDLORD AND TENANT-RENT REVIEWS
942 _n0
948 _c04/03/1997
999 _c2530
_d2530